Compendio laboral 2010 Tomo I /

Bibliographic Details
Main Author: Přez Chavez, Još
Other Authors: Fol Olguin, Raymundo
Format: Unknown
Language:Spanish
Published: Mx̌ico : Tax ed, 2010
Subjects:
Online Access:Acceso restringido

MARC

LEADER 00000ny a22000003n 4500
005 20110519141442.0
008 101118s2010 mx 000 spa d
020 |a 6074400709 
035 |a 5094 
040 |a BUS  |d vLex 
090 |c 61  |d 61 
100 1 |a Přez Chavez, Još 
245 1 0 |a Compendio laboral 2010  |h [Recurso electrn̤ico]  |b Tomo I /  |c Jos ̌Přez Chavez ; Raymundo Fol Olguin  
256 |a Servicio en ln̕ea 
260 |a Mx̌ico :  |b Tax ed,  |c 2010 
506 1 |a Contenido solo disponible en los productos indicados  |d vLex Global  |d vLex Global (Academic Edition, excluding Law Schools)  |d vLex Global (U.S. Academic Edition, Law Schools)  |d vLex Global (U.S. Academic Edition, excluding Law Schools)  |d vLex Global (Academic Edition, Law Schools) 
650 0 4 |a Trabajo  |x Derecho  |z Espaą  |x Legislacin̤  
700 1 |a Fol Olguin, Raymundo 
740 0 |a vLex Libros (Servicios en ln̕ea) 
856 4 0 |z Acceso restringido  |u http://vlex.com/source/compendio-laboral-2010-tomo-i-5094 
942 |c BOOK 
999 0 |b Mx̌ico   |a Law